Statistics for Guess the lyrics (#49)

Click here to take the quiz!

General Stats

  • This quiz has been taken 145 times
    (119 since last reset)
  • The average score is 74 of 154

Answer Stats

Answer% Correct
I
100%
a
98%
the
96%
When
88%
when
88%
and
83%
And
83%
on
79%
It
78%
it
78%
who
76%
was
75%
to
74%
in
70%
of
66%
my
62%
for
59%
that
55%
all
50%
are
50%
I'm
48%
But
47%
From
43%
from
43%
as
41%
good
40%
Their
38%
old
35%
would
34%
life
33%
now
32%
up
30%
very
30%
with
30%
think
28%
year
28%
twenty-one
22%
girls
21%
days
17%
nights
15%
small
15%
seventeen
14%
came
13%
We'd
13%
drive
10%
summer
9%
town
9%
green
8%
lived
8%
wine
8%
hair
7%
thirty-five
7%
blue
5%
lights
5%
short
5%
autumn
4%
hide
4%
limousines
4%
ride
4%
village
4%
chauffeurs
3%
city
3%
clear
3%
fine
3%
means
3%
stair
3%
brim
2%
dregs
2%
independent
2%
kegs
2%
perfumed
2%
poured
2%
soft
2%
sweet
2%
undone
2%
vintage
2%
blooded
1%

Score Distribution

Percentile by Number Answered

Percent of People with Each Score

Your Score History

You have not taken this quiz since the last reset